000 00429nam a2200181Ia 4500
001 19192
005 20260306171726.0
008 260306s9999||||xx |||||||||||||| ||und||
041 _aESP
082 _a658.8
_bS85
100 _aSuárez, José Luis
_eAUT
245 0 _aBenchmarking de la función financiera
260 _c1996
300 _a152 páginas :
_c
650 _aGEN
654 _aCAN
942 _cLIB
_dJUS
_fJUS
_2ddc
_n
999 _c19192
_d19192